Quiz sur GDT 1/3 - Statistiques

Statistiques générales
  • Ce quiz a été pris 4 fois
  • Le résultat moyen est 9 sur 15
Statistiques - réponses
Énoncé Réponses % Correct
Territoire responsable des attentats d'Otarsie. Capelli
100%
Conférence ayant conclue le partage de l'Afrique. Conférence de Poli
100%
Territoire possédant la Turquie à la fin de GDT 1. Nouvelle-Tartutie
100%
Territoire le plus grand de GDT 3. Rwissie
100%
Cause de la mort de Tartus. Suicide
100%
Territoire non-impliqué dans la guerre mondiale. Anatolie
50%
Capitale de l'Empire Arthémique. Arthia
50%
Premier Roi d'Otarsie. Arthur Gustave
50%
Territoire ayant pour capitale Kapina. Empire Océano-Asiatique
50%
Première catastrophe naturelle de GDT 1. Éruption volcanique
50%
Ex-principauté d'Otarsie. Madraga
50%
Général ayant perpétré l'extermination de masse des Mapuche. Nitrogène
50%
Général légendaire décédé face aux 35 membres de l'assemblée de Capelli. Tantale
50%
Engrais Rwisse Caca d'ornithorynque
0%
Alliance regroupant l'Empire Océano-Asiatique, la Rwissie, l'Empire Germanique et la Lorraine. Quadriade
0%
Aucun quiz correspondant
Distribution des résultats
% des personnes avec chaque résultat
Percentile par nombre de réponses
Votre historique - résultats
Vous n’avez pas pris ce quiz